In da Club - 50 Cent (Full lyrics) - Statistics

General Stats
  • This quiz has been taken 59 times
  • The average score is 355 of 636
Answer Stats
Lyrics % Correct
a
98%
I
98%
bi
96%
you
96%
You
96%
club,
94%
club
94%
Go,
94%
go
94%
go,
94%
it
94%
your
94%
birthday
93%
it's
93%
like
93%
We
93%
we
93%
gon'
91%
in
91%
In
91%
don't
89%
me
89%
me,
89%
party
89%
shawty,
89%
shawty
89%
the
89%
give
87%
find
81%
And
80%
and
80%
can
80%
full
80%
bottle
78%
of
78%
sip
78%
fuck
74%
know
72%
So
70%
Bacardí
69%
come
69%
hug
69%
got
65%
Got
65%
love
65%
bub'
63%
not
63%
ain't
57%
I'm
57%
into
56%
sex,
56%
makin'
54%
havin'
52%
what
50%
if
48%
If
48%
be
46%
drugs
44%
get
44%
my
44%
My
44%
that
44%
That
44%
to
44%
then
43%
nigga,
41%
Nigga,
41%
nigga
41%
up
41%
up"
41%
gettin'
39%
takin'
35%
on
33%
When
33%
G's
31%
Look,
31%
Look
31%
she
31%
show
31%
they
31%
They
31%
X
31%
mami,
30%
'em
28%
fancy
28%
pull
28%
rubbed
28%
with
28%
all
26%
but
26%
But
26%
flow
26%
flow,
26%
for
26%
money
26%
money,
26%
things
26%
walk
26%
ass
24%
front,
24%
hit
24%
out
24%
roll
24%
see
24%
weed
24%
"50,
22%
back,
22%
bitch,
22%
Eminem,
22%
limp
22%
or
22%
Or
22%
pimp
22%
where
22%
happy
20%
hate
20%
hate,
20%
Her
20%
her,
20%
is
20%
mind
20%
now
20%
Now
20%
Pac
20%
player
20%
ready
20%
right?
20%
wanna
20%
want
20%
bar
19%
bought
19%
by
19%
cars,
19%
down,
19%
Dre,
19%
game
19%
good
19%
hoes,
19%
hoes
19%
how
19%
rap
19%
style,
19%
style
19%
tell
19%
thought
19%
twenty
19%
at
17%
Benz
17%
brought
17%
changed,
17%
changed
17%
crib,
17%
dubs
17%
few
17%
life
17%
mad?
17%
made
17%
New
17%
Niggas
17%
niggas
17%
should
17%
watch
17%
York,
17%
about
15%
Been
15%
chokehold
15%
done
15%
eye
15%
faggot-
15%
feelin'
15%
'head,
15%
heard
15%
homie,
15%
hot"
15%
L.A.,
15%
let
15%
loco
15%
man,
15%
mistake
15%
twenty
15%
you'd
15%
you'll
15%
clothes,
13%
"Cuz,
13%
dough
13%
head
13%
hey,
13%
holla
13%
jewels
13%
more
13%
move,
13%
nines
13%
put
13%
said
13%
shells,
13%
than
13%
tryna
13%
Xzibit
13%
came
11%
concerned
11%
deep,
11%
focused,
11%
girlfriend
11%
hood
11%
nothin'
11%
sayin',
11%
sell
11%
toastin'
11%
way
11%
burn
9%
cat
9%
cut,
9%
fuckin'
9%
gone
9%
motherfucker
9%
talkin'
9%
told
9%
Banks
7%
deal
7%
fire,
7%
fully
7%
grind
7%
mil'
7%
plan
7%
roof
7%
smiles,
7%
still
7%
wink
7%
I'ma
6%
joint
6%
pile
6%
switch
6%
upside
6%
bumpin'
4%
niggas'll
2%
No matching quizzes found
Score Distribution
Percent of People with Each Score
Percentile by Number Answered
Your Score History
You have not taken this quiz